Handbook of mathematical tables and formulas. (Record no. 61244)

000 -LEADER
fixed length control field 01121cam a2200313 4500
001 - CONTROL NUMBER
control field 1321119
003 - CONTROL NUMBER IDENTIFIER
control field NUST-PNEC
005 - DATE AND TIME OF LATEST TRANSACTION
control field 20170116180718.0
008 - FIXED-LENGTH DATA ELEMENTS--GENERAL INFORMATION
fixed length control field 710128s1973 nyu b 001 0 eng
010 ## - LIBRARY OF CONGRESS CONTROL NUMBER
LC control number 78039634
020 ## - INTERNATIONAL STANDARD BOOK NUMBER
International Standard Book Number 0070090157
040 ## - CATALOGING SOURCE
Transcribing agency PNEC
050 00 - LIBRARY OF CONGRESS CALL NUMBER
Classification number QA47
Item number .B8 1972
082 00 - DEWEY DECIMAL CLASSIFICATION NUMBER
Classification number 510.21'2 BUR
100 1# - MAIN ENTRY--PERSONAL NAME
Personal name Burington, Richard Stevens,
Dates associated with a name 1901-
245 10 - TITLE STATEMENT
Title Handbook of mathematical tables and formulas.
250 ## - EDITION STATEMENT
Edition statement 5th ed.
260 ## - PUBLICATION, DISTRIBUTION, ETC.
Place of publication, distribution, etc. New York,
Name of publisher, distributor, etc. McGraw-Hill
Date of publication, distribution, etc. [c1973]
300 ## - PHYSICAL DESCRIPTION
Extent x, 500 p.
Dimensions 21 cm.
350 ## - PRICE (NR) (BK AM CF MU VM SE) [OBSOLETE]
Price $5.50
500 ## - GENERAL NOTE
General note http://www.amazon.com/Handbook-Mathematical-Formulas-Richard-Burington/dp/0070090157/ref=sr_1_1?s=books&ie=UTF8&qid=1413963162&sr=1-1&keywords=0070090157
504 ## - BIBLIOGRAPHY, ETC. NOTE
Bibliography, etc. note Bibliography: p. 460-461.
650 #0 - SUBJECT ADDED ENTRY--TOPICAL TERM
Topical term or geographic name entry element Mathematics
General subdivision Tables.
-- ME
740 ## - ADDED ENTRY--UNCONTROLLED RELATED/ANALYTICAL TITLE
Uncontrolled related/analytical title Mathematical tables and formulas.
856 42 - ELECTRONIC LOCATION AND ACCESS
Materials specified Publisher description
Uniform Resource Identifier <a href="http://www.loc.gov/catdir/description/mh022/78039634.html">http://www.loc.gov/catdir/description/mh022/78039634.html</a>
856 41 - ELECTRONIC LOCATION AND ACCESS
Materials specified Table of contents
Uniform Resource Identifier <a href="http://www.loc.gov/catdir/toc/mh021/78039634.html">http://www.loc.gov/catdir/toc/mh021/78039634.html</a>
906 ## - LOCAL DATA ELEMENT F, LDF (RLIN)
a 7
b cbc
c orignew
d 1
e ocip
f 19
g y-gencatlg
942 ## - ADDED ENTRY ELEMENTS (KOHA)
Source of classification or shelving scheme
Koha item type Book
Holdings
Withdrawn status Lost status Source of classification or shelving scheme Damaged status Not for loan Permanent Location Current Location Shelving location Date acquired Source of acquisition Cost, normal purchase price Total Checkouts Full call number Barcode Date last seen Cost, replacement price Price effective from Koha item type
          Pakistan Navy Engineering College (PNEC) Pakistan Navy Engineering College (PNEC) Reference 08/25/1986 Habib & Sons 701.10   510.21'2 BUR PNECLIB-010240 10/22/2014 701.10 08/25/1986 Book
© 2023 Central Library, National University of Sciences and Technology. All Rights Reserved.